Click the American Country Shape - Statistics

General Stats
  • This quiz has been taken 1,823 times
  • The average score is 24 of 35
Answer Stats
Hint Answer % Correct
United States
92%
Canada
91%
Mexico
91%
Chile
90%
Cuba
88%
Panama
85%
Bahamas
84%
Argentina
83%
Brazil
83%
Peru
79%
Haiti
78%
Venezuela
74%
Nicaragua
73%
Dominican Republic
72%
Paraguay
71%
Belize
71%
Trinidad and Tobago
70%
Uruguay
69%
Jamaica
68%
Guatemala
68%
Ecuador
68%
Costa Rica
67%
Colombia
67%
Guyana
67%
Bolivia
64%
El Salvador
59%
Suriname
55%
Saint Vincent and the Grenadines
54%
Honduras
53%
Saint Kitts and Nevis
51%
Antigua and Barbuda
50%
Barbados
44%
Saint Lucia
44%
Dominica
38%
Grenada
32%
No matching quizzes found
Score Distribution
Percent of People with Each Score
Percentile by Number Answered
Your Score History
You have not taken this quiz